| 000 | 00732 a2200181 4500 | ||
|---|---|---|---|
| 999 |
_c9894 _d9894 |
||
| 020 | _a9788131306604 | ||
| 050 | _aGE160.4 ENV 2017 | ||
| 100 |
_aBanik, Datta Sudip _eeditor |
||
| 245 |
_aEnvironmental challenges of the 21st century / _cedited by Sudip Datta Banik; Saikat Kumar Basu, with a foreword by Toshiyuki Matsui ; an introduction by Ashis Kumar Paul |
||
| 264 |
_aNew Delhi : . _bA.P.H. Pub. Corp., _c2017 |
||
| 300 | _axii, 384 pages : illustrations ; 23 cm | ||
| 440 | _aEnvironmental challenges of the twenty-first century | ||
| 500 | _aContributed articles | ||
| 650 |
_aEnvironmental degradation _xIndia. |
||
| 650 |
_aClimatic changes _xIndia. |
||
| 700 | _aSaikat Kumar Basu | ||
| 942 |
_2lcc _cBK _h160.4 _iENV _kGE |
||